000 00463nam a2200181Ia 4500
001 16951
005 20260306170349.0
008 260306t2022||||xx |||||||||||||| ||und||
041 _aESP
082 _a657.3
_bS71
100 _aSoto Cañedo, Carlos Alberto
_eAUT
245 0 _aFormulación de estados financieros en el sector público
260 _c2022
300 _a126 páginas :
_c24 cm.
650 _aGEN
654 _aCCO
942 _cLIB
_dJUS
_fJUS
_2ddc
_n
999 _c16951
_d16951